1072 1299 1835 1544 1225 1488 1224 1460 1273 1647 1446 1469 1454 1711 1420 1532 1925 1196 1258 1541 1304 1916 1714 1034 1530 1786 1710 1318 1052 1775 1997 1964 1136 1680 1899 1879 1249 1731 1169 1950 1447 1677 1991 1321 1024 1515 1401 1943 1638 1933 1844 1740 1604 1055 1236 1474 1741 1840 1144 1774 1256 1191 1767 1195 1757 1942 1939 1694 1152 1316 1755 1071 1940 1226 1071 1254 1288 1985 1579 1460 1307 1937 1083 1788 1380 1624 1894 1630 1606 1919 1857 1005 1618 1200 1169 1531 1062 1722 1097 BCNSPRNW ULIB Ver.6.0+V

เปลี่ยนเป็นภาษาไทย

Change to English
 แสดงรายละเอียดบรรณานุกรม
  กลับหน้าหลัก

Brief Record : Get Marc (ISO 2709) : E-mail record : QR code < ปิดหน้าต่าง
LEADER : 00000nam 2200000uu 4500
001    13399114964
003     ULIB
008    120626s2539||||th 000 0 tha d
020    ^a9748430073
020    ^a9789748430072
060 04 ^aQS4^bว724ก 2539
100 0  ^aวิไล ชินธเนศ
245 10 ^aกายวิภาคศาสตร์ของมนุษย์ =^bHuman anatomy /^cวิไล ชินธเนศ,ธันวา ตันสถิตย์ และ มนตกานต์ ตันสถิตย์
246 31 ^aHuman anatomy
250    ^aพิมพ์ครั้งที่ 3
260    ^aกรุงเทพฯ :^bเฟื่องฟ้า,^c2539
300    ^a304, [xxi] :^bภาพประกอบ ;^c29 ซม.
650  7 ^aกายวิภาคศาสตร์
700 0  ^aมนตกานต์ ตันสถิตย์
700 0  ^aธันวา ตันสถิตย์
710 2  ^aจุฬาลงกรณ์มหาวิทยาลัย. ^bคณะแพทยศาสตร์.^bภาควิชากายวิภาคศาสตร์
945    ^p0^l0^i13274
945    ^p0^l0^i13279
945    ^p0^l0^i13275
945    ^p0^l0^i13273
945    ^p0^l0^i13868
995    ^aกัณชพร
999    ^aใช้งานได้ทุกระบบ
รายการนี้ยังไม่มีแท็ก
คุณยังไม่ได้ล็อกอิน คุณสามารถมีกิจกรรมร่วมกับเว็บไซต์ได้ แต่ต้องล็อกอินก่อน ::
  ล็อกอิน

รายการสื่อสารสนเทศ

ลำดับที่ ประเภท เลขเรียก/บาร์โค้ด สถานที่ สถานะ
- ไม่พบข้อมูล -

รายการใกล้เคียง
    ผู้แต่ง [วิไล ชินธเนศ]

    หัวเรื่อง [กายวิภาคศาสตร์]

BibComment


ยังไม่เคยถูกคอมเมนท์

คอมเมนท์ทรัพยากรรายการนี้
  คอมเมนท์: กายวิภาคศาสตร์ขอ..


 Copyright 2026. Bcnsprnw @Library